000 00958nam a22002537a 4500
001 2238
003 FISKH
005 20231113115539.0
008 231113b cb ||||| |||| 00| 0 eng d
020 _a9780141320892
040 _aFISKH
_beng
_cFISKH
_dFISKH
050 _aPZ7
082 _a823.92
100 _aBroad, Michael
245 _aJack cake :
_bThe school dragon /
_cMichael Broad
260 _aNew York :
_bPuffin Books,
_c2007.
300 _a133 pages :
_billustrations ;
_c20 cm
505 _aP
520 _aThe third book in a four-book series. Each book has three unbelievable adventures written in Jake's own notebooks and embellished with his gloriously funny comments and illustrations throughout. Here Jake meets a dragon in the basement, a troll under his bed and a really sneaky spook - boo!
521 8 _a640
_bLexile
521 8 _aP
_bRaz-Plus
650 _aDragon
_vJuvenile literature
942 _2ddc
_cBK
_n0
999 _c2238
_d2238